000
00309nam a2200133Ia 4500
008
240624s9999 xx 000 0 und d
041
_a
eng
082
_a
954 MIT
100
_a
MITRA ASHOK
245
_a
NOWHERE NATION
260
_c
2010
_a
London
_b
Penguin Books India
300
_a
240 : p.
365
_c
RS
_b
25
999
_c
17339
_d
17339